Statistics for LogoQUIZ

Click here to take the quiz!

General Stats

  • This quiz has been taken 76 times
  • The average score is 11 of 14

Answer Stats

Answer% Correct
Nike
98%
Adidas
97%
Puma
92%
Gucci
84%
Levi's
83%
Champion
80%
Louis Vuitton
78%
Chanel
72%
The North Face
72%
Tommy Hilfiger
70%
Lacoste
69%
Gap
67%
Under Armour
67%
Guess
47%

Score Distribution

Percentile by Number Answered

Percent of People with Each Score

Your Score History

You have not taken this quiz